000 00805nam a2200217 i 4500
001 85032
003 ES-MaACL
005 20240308153406.0
007 t|
008 041125s1950 sp ||||1| spa d
100 1 _aJewkes, John.
_966386
245 1 0 _aJuicio de la planificación /
_cJohn Jewkes ; versión española por Amando Lázaro Ros ; introducción y revisión por Manuel de Torres.
260 _aMéxico :
_bAguilar,
_c1950 (
_fJakez)
300 _aXXXII, 238 p. ;
_c22 cm.
490 1 _aBiblioteca de ciencias económicas, políticas y sociales
700 1 _aLázaro Ros, Amando.
_970807
700 1 _aTorres, Manuel de.
_9110904
830 0 _aBiblioteca de ciencias económicas, políticas y sociales
_9182661
852 _aES-MaACL
_jC-11547
_bR.39785
999 _c85032
_d85032